00924nam a2200217 i 450000100060000000300090000600500170001500700030003200800410003510000440007624501490012026000320026930000220030159401070032360000460043070000310047671000410050785200210054899900170056995201200058696601ES-MaACL20250917063043.0t|050628s1947 sp |||| | lat d1 aMaldonado, Juan de, d1533-1583916294910aMiscellanea de Maldonato b: anno ab eius nativitate quater centenario (1534?-1934) / cJuan Maldonado ; praeparavit et edidit Romualdus Galdos. aMadrid : bAldecoa, c1947. a150 p. ; c25 cm. aPrecede al tít.: Consejo Superior de Investigaciones Científicas... Instituto "Francisco Suárez"17aMaldonado, Juan de, d1533-1583291629491 aGaldós, Romualdo.9533572 aInstituto "Francisco Suárez"95062 aES-MaACLjC-4659 c96601d96601 00104070aATENEOMbATENEOMcSPALd2008-01-17eSCl0oC-4659p1100853r2023-02-23 00:00:00w2023-02-23yMONOGRAFIA